The 4-Hour Work Week (Record no. 11232)
[ view plain ]
| 000 -LEADER | |
|---|---|
| fixed length control field | 00336nam a22001457a 4500 |
| 003 - CONTROL NUMBER IDENTIFIER | |
| control field | OSt |
| 008 - FIXED-LENGTH DATA ELEMENTS--GENERAL INFORMATION | |
| fixed length control field | 220521b ||||| |||| 00| 0 eng d |
| 020 ## - INTERNATIONAL STANDARD BOOK NUMBER | |
| International Standard Book Number | 978-0-919-2911-4 |
| 082 ## - DEWEY DECIMAL CLASSIFICATION NUMBER | |
| Classification number | 650.1 FEF |
| 100 ## - MAIN ENTRY--PERSONAL NAME | |
| Personal name | FERRISS,Timothy |
| 245 ## - TITLE STATEMENT | |
| Title | The 4-Hour Work Week |
| 260 ## - PUBLICATION, DISTRIBUTION, ETC. (IMPRINT) | |
| Place of publication, distribution, etc | London |
| Name of publisher, distributor, etc | Vermiloon |
| Date of publication, distribution, etc | 2011 |
| 300 ## - PHYSICAL DESCRIPTION | |
| Extent | 396 |
| 942 ## - ADDED ENTRY ELEMENTS (KOHA) | |
| Source of classification or shelving scheme | Dewey Decimal Classification |
| Koha item type | Text Books |
| Withdrawn status | Lost status | Source of classification or shelving scheme | Damaged status | Not for loan | Collection code | Home library | Current library | Date acquired | Source of acquisition | Currency | Cost, normal purchase price | Bill Number | Total Checkouts | Full call number | Acc. no. / Barcode | Date last seen | Date last borrowed | Actual Cost, discounted price | Bill Date | Koha item type | Public note |
|---|---|---|---|---|---|---|---|---|---|---|---|---|---|---|---|---|---|---|---|---|---|
| Dewey Decimal Classification | GENERAL | PIET C-LIBRARY | PIET C-LIBRARY | 22/04/2022 | Dristi Book Center | Indian Rup | 399.00 | 801 | 3 | 650.1 FEF | 33596 | 16/07/2024 | 09/07/2024 | 280.00 | 22/04/2022 | Text Books | Motivational |